Paesi con la maggior parte dell'inquinamento atmosferico - Statistics

Statistiche generali
  • Questo quiz è stato fatto 77 volte
  • Il punteggio medio è 10 su 20
Statistiche sulle risposte
μg/m3 nazione % Corretto
52,7 Cina
100%
90,9 India
93%
58,3 Pakistan
82%
60,8 Bangladesh
64%
87,0 Egitto
64%
61,6 Iraq
61%
87,9 Arabia Saudita
60%
94,1 Niger
60%
71,8 Nigeria
57%
56,9 Afghanistan
49%
54,3 Libia
49%
91,2 Qatar
42%
55,4 Sudan
40%
60,7 Kuwait
36%
66,0 Ciad
34%
99,7 Nepal
34%
72,8 Camerun
31%
70,8 Bahrain
30%
56,8 Repubblica Centrafricana
12%
53,2 Guinea Equatoriale
3%
Nessun quiz corrispondente trovato
Distribuzione punteggi
Percentuale di utenti per punteggio
Percentile per numero di risposta
I tuoi punteggi nel tempo
Non hai fatto questo quiz